| 000 | 00651nam a22001817a 4500 | ||
|---|---|---|---|
| 010 | _aENG-97002 | ||
| 020 |
_a9788128812866 _c95.00 |
||
| 035 | _aEN-80535 | ||
| 037 | _bDBAD/PUB | ||
| 082 | _a921 | ||
| 100 |
_aTiwari, Prateeksha M. _91402 |
||
| 245 |
_aPride of the nation Ratan Tata / _cby Prateeksha M. Tiwari |
||
| 260 |
_aNew Delhi _bDiamond Pocket Books _c2009 |
||
| 270 |
_aX-30, Okhla Industrial Area, Phase - II _bNew Delhi _e110020 |
||
| 300 |
_a176p.: _bill. _c21cm (pbk) |
||
| 942 |
_2ddc _cEN _h921 _mTAT |
||
| 999 |
_c37679 _d37679 |
||